<?xml version="1.0" encoding="UTF-8"?>
<marc:record xmlns:marc="http://www.loc.gov/MARC21/slim">
   <marc:leader>00000nam a2200000 a 4500</marc:leader>
   <marc:datafield ind1="1" ind2=" " tag="100">
      <marc:subfield code="a">Garst, Tobias</marc:subfield>
      <marc:subfield code="4">aut</marc:subfield>
      <marc:subfield code="e">Verfasser/-in</marc:subfield>
   </marc:datafield>
   <marc:datafield ind1="1" ind2=" " tag="100">
      <marc:subfield code="a">Pölert, Gesa</marc:subfield>
      <marc:subfield code="4">aut</marc:subfield>
      <marc:subfield code="e">Verfasser/-in</marc:subfield>
   </marc:datafield>
   <marc:datafield ind1=" " ind2=" " tag="653">
      <marc:subfield code="a">Arezzo</marc:subfield>
   </marc:datafield>
   <marc:datafield ind1=" " ind2=" " tag="653">
      <marc:subfield code="a">Chianti</marc:subfield>
   </marc:datafield>
   <marc:datafield ind1=" " ind2=" " tag="653">
      <marc:subfield code="a">Cortona</marc:subfield>
   </marc:datafield>
   <marc:datafield ind1=" " ind2=" " tag="653">
      <marc:subfield code="a">Elba</marc:subfield>
   </marc:datafield>
   <marc:datafield ind1=" " ind2=" " tag="653">
      <marc:subfield code="a">Firenze</marc:subfield>
   </marc:datafield>
   <marc:datafield ind1=" " ind2=" " tag="653">
      <marc:subfield code="a">Florenz</marc:subfield>
   </marc:datafield>
   <marc:datafield ind1=" " ind2=" " tag="653">
      <marc:subfield code="a">Giglio</marc:subfield>
   </marc:datafield>
   <marc:datafield ind1=" " ind2=" " tag="653">
      <marc:subfield code="a">Livorno</marc:subfield>
   </marc:datafield>
   <marc:datafield ind1=" " ind2=" " tag="653">
      <marc:subfield code="a">Pisa</marc:subfield>
   </marc:datafield>
   <marc:datafield ind1=" " ind2=" " tag="653">
      <marc:subfield code="a">Siena</marc:subfield>
   </marc:datafield>
   <marc:datafield ind1=" " ind2=" " tag="653">
      <marc:subfield code="a">Riviera</marc:subfield>
   </marc:datafield>
   <marc:datafield ind1=" " ind2=" " tag="653">
      <marc:subfield code="a">San Gimignano</marc:subfield>
   </marc:datafield>
   <marc:datafield ind1=" " ind2=" " tag="653">
      <marc:subfield code="a">Volterra</marc:subfield>
   </marc:datafield>
   <marc:datafield ind1=" " ind2=" " tag="653">
      <marc:subfield code="a">Massa Marittima</marc:subfield>
   </marc:datafield>
   <marc:datafield ind1=" " ind2=" " tag="653">
      <marc:subfield code="a">Crete</marc:subfield>
   </marc:datafield>
   <marc:datafield ind1=" " ind2=" " tag="653">
      <marc:subfield code="a">Sorano</marc:subfield>
   </marc:datafield>
   <marc:datafield ind1=" " ind2=" " tag="653">
      <marc:subfield code="a">Montalcino</marc:subfield>
   </marc:datafield>
   <marc:datafield ind1=" " ind2=" " tag="653">
      <marc:subfield code="a">Montepulciano</marc:subfield>
   </marc:datafield>
   <marc:datafield ind1=" " ind2=" " tag="653">
      <marc:subfield code="a">Wo ist Italien am schönsten</marc:subfield>
   </marc:datafield>
   <marc:datafield ind1=" " ind2=" " tag="653">
      <marc:subfield code="a">Wo ist die Toscana am schönsten</marc:subfield>
   </marc:datafield>
   <marc:datafield ind1=" " ind2=" " tag="653">
      <marc:subfield code="a">Individualreiseführer Toscana</marc:subfield>
   </marc:datafield>
   <marc:datafield ind1=" " ind2=" " tag="653">
      <marc:subfield code="a">bester Reiseführer Toscana</marc:subfield>
   </marc:datafield>
   <marc:datafield ind1=" " ind2=" " tag="653">
      <marc:subfield code="a">Aktivurlaub Toscana</marc:subfield>
   </marc:datafield>
   <marc:datafield ind1=" " ind2=" " tag="653">
      <marc:subfield code="a">schönste Region Italiens</marc:subfield>
   </marc:datafield>
   <marc:datafield ind1=" " ind2=" " tag="653">
      <marc:subfield code="a">Badeurlaub Toscana</marc:subfield>
   </marc:datafield>
   <marc:datafield ind1=" " ind2=" " tag="653">
      <marc:subfield code="a">Aktivurlaub in Italien</marc:subfield>
   </marc:datafield>
   <marc:datafield ind1=" " ind2=" " tag="653">
      <marc:subfield code="a">Schönste Region Italiens</marc:subfield>
   </marc:datafield>
   <marc:datafield ind1=" " ind2=" " tag="653">
      <marc:subfield code="a">Strandurlaub Italien</marc:subfield>
   </marc:datafield>
   <marc:datafield ind1=" " ind2=" " tag="653">
      <marc:subfield code="a">Urlaub in Italien</marc:subfield>
   </marc:datafield>
   <marc:datafield ind1=" " ind2=" " tag="653">
      <marc:subfield code="a">Softcover / Reisen/Reiseführer/Europa</marc:subfield>
   </marc:datafield>
   <marc:datafield ind1=" " ind2=" " tag="653">
      <marc:subfield code="a">Arezzo;Chianti;Cortona;Elba;Firenze;Florenz;Giglio;Livorno;Pisa;Siena;Riviera;San Gimignano;Volterra;Massa Marittima;Crete;Sorano;Montalcino;Montepulciano;Wo ist Italien am schönsten;Wo ist die Toscana am schönsten;Individualreiseführer Toscana;bester Rei</marc:subfield>
   </marc:datafield>
   <marc:datafield ind1=" " ind2=" " tag="653">
      <marc:subfield code="a">Führer</marc:subfield>
   </marc:datafield>
   <marc:datafield ind1="0" ind2="0" tag="245">
      <marc:subfield code="a">Toskana</marc:subfield>
   </marc:datafield>
   <marc:datafield ind1="0" ind2="0" tag="245">
      <marc:subfield code="c">Tobias Garst, Gesa Pölert</marc:subfield>
   </marc:datafield>
   <marc:datafield ind1=" " ind2="1" tag="264">
      <marc:subfield code="a">Ostfildern</marc:subfield>
      <marc:subfield code="b">DuMont Reiseverlag</marc:subfield>
      <marc:subfield code="c">2022</marc:subfield>
   </marc:datafield>
   <marc:datafield ind1="1" ind2=" " tag="490">
      <marc:subfield code="a">DuMont Reise-Taschenbuch</marc:subfield>
   </marc:datafield>
   <marc:datafield ind1=" " ind2=" " tag="250">
      <marc:subfield code="a">2., aktualisierte Auflage</marc:subfield>
   </marc:datafield>
   <marc:datafield ind1="1" ind2=" " tag="520">
      <marc:subfield code="a">Angaben aus der Verlagsmeldung

DuMont Reise-Taschenbuch Toskana : Reiseführer plus Reisekarte. Mit individuellen Autorentipps und vielen Touren. / von Tobias Garst, Gesa Pölert

Über das Buch

An was denken Sie zuerst, wenn Sie den Namen Toskana hören? An prächtige Stadtpaläste, grandiose Kirchen und berühmte Museen – nicht nur in Florenz –, an den Schiefen Turm von Pisa, an traditionelle Wettkämpfe wie den Palio in Siena, an die Medici oder vielleicht an Pinocchio? Vielleicht kommen Ihnen aber auch zuerst kulinarische Genüsse in den Sinn: die berühmten Weine der Toskana, der Schafskäse, die regionalen Nudelgerichte oder das Bistecca Fiorentina, Trüffel, Steinpilze oder Olivenöl? Ja, all das ist die Toskana: berühmte Städte, grüne Täler, weiß glänzende Marmorberge und einsame Gebirgslandschaften mit abgelegenen Klöstern, dazu Badeorte mit weißen Sandstränden und eher unberührte kleine Buchten – ebenso wie die Bereitschaft zu Entspannung und Genuss. Auf ausgewählten Touren und an ihren persönlichen Lieblingsorten lassen Sie die Autoren auch hinter die Kulissen der Toskana blicken. Sie nehmen Sie mit auf Radtouren um den Lago di Massaciuccoli oder durch das Orciatal, auf Wanderungen durch die Berge auf dem Festland und auf Elba, auf Auto- oder Vespatouren etwa im Florentiner Hinterland, zu Kellereien im Chianti oder durch die Crete.

Und so erleben Sie Toskana mit dem DuMont Reise-Taschenbuch:

Persönlich und echt: Wir legen Wert auf ehrliche Erlebnisse, Nähe und Gegenwart

Übersichtliche Gliederung in einzelne Regionen mit ihren Orten und Landschaften

Lustvolle Eintauchen-und-erleben-Seiten vor jedem Kapitel

Die Touren: Einfach losziehen, neue Wege gehen. Aktiv in Natur und Kultur eintauchen

Die Lieblingsorte: gut für überraschende Entdeckungen

Die Adressen: radikal subjektive Auswahl, mal stylish, mal ökologisch, immer individuell und persönlich

Das Magazin: ein abwechslungsreiches Reisefeuilleton. Es packt auch kritische und kontroverse Themen an …

Die Karten: 9 Citypläne, 20 Tourenkarten, Übersichtskarte mit den Highlights der Toskana, Schnellüberblick zu jeder Region plus eine große Reisekarte

Das Plus zum Buch: Aktuelle Reisetipps und News gibt‘s unter www.dumontreise.de/toskana.

</marc:subfield>
   </marc:datafield>
   <marc:datafield ind1=" " ind2=" " tag="020">
      <marc:subfield code="a">9783616007014</marc:subfield>
      <marc:subfield code="9">9783616007014</marc:subfield>
   </marc:datafield>
   <marc:datafield ind1=" " ind2=" " tag="020">
      <marc:subfield code="a">3616007011</marc:subfield>
      <marc:subfield code="9">3616007011</marc:subfield>
   </marc:datafield>
   <marc:datafield ind1=" " ind2=" " tag="041">
      <marc:subfield code="a">ger</marc:subfield>
   </marc:datafield>
   <marc:datafield ind1=" " ind2=" " tag="300">
      <marc:subfield code="a">311 Seiten</marc:subfield>
   </marc:datafield>
</marc:record>
